Autovías de España - Estadísticas

Estadísticas generales
  • Esta prueba ha sido intentada 139 veces
    102 desde el último reinicio
  • La puntuación promedio es 15 de 56
Estadísticas de respuestas
Identificador Denominación % Correcto
A-1 Autovía del Norte / Iparraldeko autobia
92%
A-7 Autovía del Mediterráneo / Autovia de la Mediterrània / Autovia del Mediterrani
89%
A-4 Autovía del Sur
86%
A-6 Autovía del Noroeste / Autovía do Noroeste
85%
A-3 Autovía del Este / Autovia de l'Est
84%
A-8 / AP-8 Autovía del Cantábrico /Kantauriko autobia / Autovía do Cantábrico
79%
A-5 Autovía del Suroeste
68%
A-2 Autovía del Nordeste / Autovia del Nord-est
53%
A-57 Autovía del Atlántico / Autovía do Atlántico
48%
A-68(Vinaroz / Vinaròs - Miranda de Ebro) Autovía del Ebro / Ebroko Autobia
47%
A-23 Autovía Mudéjar / Autovia Mudèixar
45%
A-11 Autovía del Duero
44%
A-62 Autovía de Castilla
41%
A-15 (Soria -Tudela / Tutera) Autovía de Navarra / Nafarroako autobia
40%
A-21 Autovía del Pirineo / Pirinioetako autobia
36%
A-30 Autovía de Murcia
36%
A-42 Autovía de Toledo
33%
A-66 Autovía Ruta de la Plata
33%
AP-9 Autopista del Atlántico / Autoestrada do Atlántico
32%
A-31 Autovía de Alicante / Autovia d'Alacant
32%
A-52 Autovía de las Rías Bajas / Autovía das Rías Baixas
29%
A-12 Autovía del Camino de Santiago / Donejakue bideko autobia
29%
A-45 Autovía de Málaga
25%
A-43 Autovía del Guadiana
23%
AP-15 (Irurtzun -Tudela / Tutera) Autopista de Navarra / Nafarroako autobidea
18%
AP-68(Zaragoza - Bilbo / Bilbao) Autopista Vasco-Aragonesa / Bilbo-Zaragoza Autobidea
16%
A-49 Autovía del V Centenario
16%
A-67 Autovía Cantabria-Meseta
15%
A-33 Autovía del Altiplano / Autovia de l'Altiplà
14%
A-14 Autovía de la Ribagorza / Autovia de la Ribagorça
14%
A-48 Autovía de la Costa de la Luz
12%
A-10 Autovía de la Barranca / Sakanako autobia
11%
A-44 Autovía de Sierra Nevada-Costa Tropical
11%
AP-71 Autopista León-Astorga
10%
A-40 Autovía de la Meseta Sur
10%
A-22 Autovía del Camino Catalán / Autovia del Camí Català
10%
A-92 Autovía de Tabernas
10%
A-73 Autovía Burgos-Aguilar de Campoo
8%
A-65 Autovía de Tierra de Campos
8%
A-41 Autovía Ciudad Real - Puertollano
7%
A-50 Autovía de la Cultura
7%
A-27 Autovía Tarragona-Montblanch / Autovia Tarragona-Montblanc
7%
A-60 Autovía Valladolid-León
7%
A-75 Autovía Verín-Frontera Portuguesa / Autovía Verín-Fronteira portuguesa
7%
AP-61 Autopista Segovia-San Rafael
5%
A-35 Autovía Almansa-Játiva
5%
A-54 Autovía Lugo-Santiago de Compostela
5%
AP-53 Autopista Central de Galicia
4%
A-58 Autovía Extremeña
4%
A-32 Autovía Andrés de Vandelvira
3%
A-15 ( Irurtzun - Donostia / San Sebastián) Autovía de Leitzaran / Leitzarango autobia
3%
A-56 Autovía Lugo-Orense / Autovía Lugo-Ourense
3%
A-63 Autovía Oviedo-La Espina
3%
A-55 Autovía Vigo-Frontera Portuguesa / Autovía Vigo-Fronteira Portuguesa
3%
A-64 Autovía Oviedo-Villaviciosa
1%
A-91 Autovía Puerto Lumbreras-Vélez Rubio
1%
No se encontraron pruebas coincidentes
Distribución de puntuación
Porcentaje de gente con cada puntuación
Porcentaje por número respondido
Historial de tus puntuaciones
No has intentado esta prueba desde el último reinicio